|
|
|
|
| LEADER |
00000caa a22000002c 4500 |
| 001 |
1525816683 |
| 003 |
DE-627 |
| 005 |
20220604104626.0 |
| 007 |
tu |
| 008 |
160223s1987 xx ||||| 00| ||und c |
| 020 |
|
|
|a 377052442X
|
| 035 |
|
|
|a (DE-627)1525816683
|
| 035 |
|
|
|a (DE-576)455816689
|
| 035 |
|
|
|a (DE-599)BSZ455816689
|
| 040 |
|
|
|a DE-627
|b ger
|c DE-627
|e rakwb
|
| 100 |
1 |
|
|a Bloy, René
|d 1947-
|0 (DE-588)1051970601
|0 (DE-627)787226211
|0 (DE-576)160328489
|4 aut
|
| 109 |
|
|
|a Bloy, René 1947-
|
| 245 |
1 |
4 |
|a Die Bedeutung des Erfolgsunwertes im Unrecht
|c René Bloy
|
| 264 |
|
1 |
|c 1987
|
| 336 |
|
|
|a Text
|b txt
|2 rdacontent
|
| 337 |
|
|
|a ohne Hilfsmittel zu benutzen
|b n
|2 rdamedia
|
| 338 |
|
|
|a Band
|b nc
|2 rdacarrier
|
| 773 |
0 |
8 |
|i In
|t Wiedergutmachung und Strafrecht
|d München : Fink, 1987
|g (1987), Seite 74-80
|h 166 S.
|w (DE-627)025756699
|w (DE-576)012654833
|z 377052442X
|7 nnam
|
| 773 |
1 |
8 |
|g year:1987
|g pages:74-80
|
| 935 |
|
|
|a mkri
|
| 951 |
|
|
|a AR
|
| ELC |
|
|
|b 1
|
| LOK |
|
|
|0 000 xxxxxcx a22 zn 4500
|
| LOK |
|
|
|0 001 2899273132
|
| LOK |
|
|
|0 003 DE-627
|
| LOK |
|
|
|0 004 1525816683
|
| LOK |
|
|
|0 005 20260114145645
|
| LOK |
|
|
|0 008 160208||||||||||||||||ger|||||||
|
| LOK |
|
|
|0 040
|a DE-21-110
|c DE-627
|d DE-21-110
|
| LOK |
|
|
|0 689
|a s
|a Straftheorien
|
| LOK |
|
|
|0 852
|a DE-21-110
|
| LOK |
|
|
|0 852 1
|m p
|9 00
|
| LOK |
|
|
|0 935
|a k110
|
| LOK |
|
|
|0 938
|k p
|
| LOK |
|
|
|0 939
|a 08-02-16
|b l01
|
| ORI |
|
|
|a SA-MARC-krimdoka001.raw
|